<?xml version="1.0" encoding="UTF-8"?><?xml-stylesheet type="text/xsl" href="static/style.xsl"?><OAI-PMH xmlns="http://www.openarchives.org/OAI/2.0/" xmlns:xsi="http://www.w3.org/2001/XMLSchema-instance" xsi:schemaLocation="http://www.openarchives.org/OAI/2.0/ http://www.openarchives.org/OAI/2.0/OAI-PMH.xsd"><responseDate>2026-04-14T08:30:17Z</responseDate><request verb="GetRecord" identifier="oai:www.recercat.cat:20.500.12327/1589" metadataPrefix="marc">https://recercat.cat/oai/request</request><GetRecord><record><header><identifier>oai:recercat.cat:20.500.12327/1589</identifier><datestamp>2025-10-22T11:26:49Z</datestamp><setSpec>com_2072_4428</setSpec><setSpec>com_2072_4427</setSpec><setSpec>col_2072_487898</setSpec></header><metadata><record xmlns="http://www.loc.gov/MARC21/slim" xmlns:dcterms="http://purl.org/dc/terms/" xmlns:xsi="http://www.w3.org/2001/XMLSchema-instance" xmlns:doc="http://www.lyncode.com/xoai" xsi:schemaLocation="http://www.loc.gov/MARC21/slim http://www.loc.gov/standards/marcxml/schema/MARC21slim.xsd">
   <leader>00925njm 22002777a 4500</leader>
   <datafield ind2=" " ind1=" " tag="042">
      <subfield code="a">dc</subfield>
   </datafield>
   <datafield ind2=" " ind1=" " tag="720">
      <subfield code="a">Mármol-Sánchez, Emilio</subfield>
      <subfield code="e">author</subfield>
   </datafield>
   <datafield ind2=" " ind1=" " tag="720">
      <subfield code="a">Quintanilla, Raquel</subfield>
      <subfield code="e">author</subfield>
   </datafield>
   <datafield ind2=" " ind1=" " tag="720">
      <subfield code="a">Luigi-Sierra, María Gracia</subfield>
      <subfield code="e">author</subfield>
   </datafield>
   <datafield ind2=" " ind1=" " tag="720">
      <subfield code="a">Amills, Marcel</subfield>
      <subfield code="e">author</subfield>
   </datafield>
   <datafield ind2=" " ind1=" " tag="260">
      <subfield code="c">2021-10-05</subfield>
   </datafield>
   <datafield ind2=" " ind1=" " tag="520">
      <subfield code="a">By regulating the expression of low-density lipoprotein receptors (LDLR), the SEC24A protein modulates the clearance of plasma cholesterol in mice. The whole-genome sequencing of five Duroc boars that sired a Duroc purebred experimental population (LIPGEN population, 350 individuals) revealed the segregation of one putative nonsense mutation located at the SEC24A (rs336401826, c.44G>A) gene. Genotyping of this polymorphic site in the LIPGEN population highlighted the existence of a significant departure from the Hardy Weinberg equilibrium (χ2 = 5.05, p-value = 0.024527). Despite the fact that SEC24A inactivation should affect serum lipid concentrations, we did not observe an association between SEC24A genotype and such traits. A thorough revision of the annotation of the SEC24A rs336401826 SNP revealed that this polymorphism is probably located in the 5’UTR of the SEC24A gene, rather than at the beginning of the first exon, hence not introducing the predicted premature stop codon that could truncate the SEC24A protein. Given that the annotation of loss-of-function mutations in pigs is far from perfect, careful manual curation of such mutations is recommended before undertaking the analysis of their effects at the experimental level.</subfield>
   </datafield>
   <datafield ind1="8" ind2=" " tag="024">
      <subfield code="a">Mármol-Sánchez, Emilio, Raquel Quintanilla, María Gracia Luigi-Sierra, and Marcel Amills. 2021. “An association analysis between a polymorphism in the SEC24A gene and lipid traits recorded in Duroc pigs”. Italian Journal Of Animal Science 20 (1): 1444-1451. Taylor &amp; Francis. doi:10.1080/1828051X.2021.1951129.</subfield>
   </datafield>
   <datafield ind1="8" ind2=" " tag="024">
      <subfield code="a">1828-051X</subfield>
   </datafield>
   <datafield ind1="8" ind2=" " tag="024">
      <subfield code="a">http://hdl.handle.net/20.500.12327/1589</subfield>
   </datafield>
   <datafield ind1="8" ind2=" " tag="024">
      <subfield code="a">https://doi.org/10.1080/1828051X.2021.1951129</subfield>
   </datafield>
   <datafield ind2="0" ind1="0" tag="245">
      <subfield code="a">An association analysis between a polymorphism in the SEC24A gene and lipid traits recorded in Duroc pigs</subfield>
   </datafield>
</record></metadata></record></GetRecord></OAI-PMH>